Geography Quiz

Random Geography or State Quiz

Carmen Sandiego's Heists - U.S.A. Quiz Stats

 Plays Quiz not verified by Sporcle

Challenge
Share
Tweet
Embed
Score 0/51 Timer 05:00
0 Plays Today
% Correct
California
85.7%
Illinois
84.6%
New York
83.9%
Pennsylvania
83.3%
New Mexico
81.2%
Utah
81.2%
Indiana
79.9%
Kansas
79%
Washington
78.2%
Oregon
77.5%
Florida
76.2%
Maine
75.6%
South Dakota
74.7%
Massachusetts
72%
Washington, D.C.
72%
Tennessee
71.3%
Kentucky
68.5%
Michigan
68.5%
Vermont
68.5%
Nevada
67.5%
Alaska
66.4%
North Carolina
66.2%
Arizona
65.7%
Texas
65.1%
Mississippi
60.2%
Hawaii
58.9%
% Correct
South Carolina
58.2%
Wisconsin
55.3%
Missouri
54.6%
Montana
54.2%
New Jersey
52.7%
Maryland
51.6%
Minnesota
50.8%
Georgia
46.2%
Louisiana
43.7%
New Hampshire
42.4%
Idaho
40.7%
Wyoming
40.5%
Oklahoma
38.1%
Virginia
33.2%
Iowa
32.5%
Rhode Island
32.5%
West Virginia
32.5%
Alabama
31.9%
Connecticut
31.5%
Arkansas
31%
Nebraska
31%
Ohio
29.3%
North Dakota
27.6%
Delaware
25.5%
Colorado
25.1%

You're not logged in!

Compare scores with friends on all Sporcle quizzes.
Join for Free
OR
Log In

You Might Also Like...

Show Comments

Extras

Top Quizzes Today


Score Distribution

Your Account Isn't Verified!

In order to create a playlist on Sporcle, you need to verify the email address you used during registration. Go to your Sporcle Settings to finish the process.

Report this User

Report this user for behavior that violates our Community Guidelines.

Details: